000 00314nam a2200133Ia 4500
008 240624s9999 xx 000 0 und d
041 _aeng
082 _a823 IGG
100 _aIGGULDEN CONN
245 _aCONQUEROR
260 _c2011
_aNew Delhi
_bHarperCollins
300 _a546 : p. : cm. ; 18
365 _cRS
_b25
999 _c19866
_d19866